000 00435nam a22001697a 4500
003 MPLRDC
005 20220104143101.0
008 210129b ||||| |||| 00| 0 eng d
020 _a7-223-00761-3
082 _a782.886 DLLM-4 v.2
100 _a沈开运、达玛等 著
245 _a透视达赖. 下
_c
260 _a
_b西藏人民出版社
_c
300 _b
650 _a达赖喇嘛传记
942 _cBK
_o782.886 DLLM-4 v.2
999 _c36454
_d36444